00473nam a2200193Ia 4500003000400000005001700004006001900021007000300040008004100043024001000084037001200094040002000106041001300126082001900139100001600158245007100174260000900245700002500254OSt20220928150108.0a|||||r|||| 00| 0 ta220927b |||||||| |||| 00| 0 eng d a87524 cTextual aSDCLcSDCLbeng 2engaeng aX:8:(S:44), M2 aHersey Paul 0aManagement of organizational behavior b Utilizing human resources c1977 a Blanchard Kenneth H